| 000 | 00908cam a2200205 4500 | ||
|---|---|---|---|
| 001 | WS121814 | ||
| 008 | 030331n 000 0 eng u | ||
| 035 | _a(Sirsi) u121814 | ||
| 245 | _aSocial Science Information Gateway | ||
| 520 | _aWeb site for this online database if high quality internet resources which 'aims to provide a trusted source of selected, high quality internet information for students, academics, researchers and practitioners in the social sciences, business and law'. It is part of the UK Resource Discovery Network and covers management, economics, environmental sciences, law and statistics. | ||
| 650 | _aPORTALS | ||
| 650 | _aECONOMICS | ||
| 650 | _aMANAGEMENT | ||
| 650 | _aENVIRONMENTAL SERVICES | ||
| 650 | _aGEOGRAPHY | ||
| 650 | _aLAW | ||
| 650 | _aSTATISTICS | ||
| 856 | 4 | 0 |
_uhttps://www.sosig.ac.uk _zView the website free of charge at www.sosig.ac.uk... |
| 942 | _n0 | ||
| 999 |
_c120243 _d120243 |
||